000 00321nam a2200145Ia 4500
100 _aMarino/ L.R.
942 _cRB
654 _acomputer design
245 _aPrinciples of Computer Design
260 _bComputer Science Press
_aUSA
_c1986
082 _a620.004028
300 _a577
546 _aENGLISH
999 _c24993
_d24993